Statistics for NASCAR Cup Series Champions Quiz

Click here to take the quiz!

General Stats

  • This quiz has been taken 5,970 times
    (951 since last reset)
  • The average score is 19 of 33

Answer Stats

Years Driver % Correct
2006, 2007, 2008, 2009, 2010, 2013, 2016Jimmie Johnson
94%
1980, 1986, 1987, 1990, 1991, 1993, 1994Dale Earnhardt
93%
2015Kyle Busch
86%
1964, 1967, 1971, 1972, 1974, 1975, 1979Richard Petty
85%
1995, 1997, 1998, 2001Jeff Gordon
85%
2004Kurt Busch
83%
1954, 1958, 1959Lee Petty
80%
2002, 2005, 2011Tony Stewart
79%
2018Joey Logano
76%
2014Kevin Harvick
72%
2017Martin Truex Jr.
69%
2012Brad Keselowski
66%
1981, 1982, 1985Darrell Waltrip
62%
2000Bobby Labonte
60%
1984, 1996Terry Labonte
60%
2003Matt Kenseth
59%
1976, 1977, 1978Cale Yarborough
58%
1999Dale Jarrett
56%
1989Rusty Wallace
55%
1988Bill Elliott
54%
1983Bobby Allison
54%
1961, 1965Ned Jarrett
53%
1992Alan Kulwicki
47%
1966, 1968, 1969David Pearson
43%
1973Benny Parsons
35%
1949Red Byron
35%
1951, 1953Herb Thomas
32%
1956, 1957Buck Baker
32%
1960Rex White
32%
1952, 1955Tim Flock
29%
1970Bobby Isaac
28%
1962, 1963Joe Weatherly
27%
1950Bill Rexford
24%

Score Distribution

Percentile by Number Answered

Percent of People with Each Score

Your Score History

You have not taken this quiz since the last reset